<?xml version="1.0" encoding="UTF-8"?>
<record
    xmlns:xsi="http://www.w3.org/2001/XMLSchema-instance"
    xsi:schemaLocation="http://www.loc.gov/MARC21/slim http://www.loc.gov/standards/marcxml/schema/MARC21slim.xsd"
    xmlns="http://www.loc.gov/MARC21/slim">

  <leader>00612nam a22001817a 4500</leader>
  <controlfield tag="003">SISC</controlfield>
  <controlfield tag="005">20160920091959.0</controlfield>
  <controlfield tag="008">160920b        xxu||||| |||| 00| 0 eng d</controlfield>
  <datafield tag="020" ind1=" " ind2=" ">
    <subfield code="a">9781444180954</subfield>
  </datafield>
  <datafield tag="050" ind1=" " ind2=" ">
    <subfield code="a">PC 2119 .G862 2013</subfield>
  </datafield>
  <datafield tag="100" ind1=" " ind2=" ">
    <subfield code="a">Grime, Yvette</subfield>
  </datafield>
  <datafield tag="245" ind1=" " ind2=" ">
    <subfield code="a">Cambridge IGCSE :</subfield>
    <subfield code="b">french foreign language </subfield>
    <subfield code="c">Yvette Grime, Jayn Witt</subfield>
  </datafield>
  <datafield tag="260" ind1=" " ind2=" ">
    <subfield code="a">London :</subfield>
    <subfield code="b">Hodder Education</subfield>
    <subfield code="c">2013</subfield>
  </datafield>
  <datafield tag="300" ind1=" " ind2=" ">
    <subfield code="a">250 pages.,</subfield>
    <subfield code="b">colored illustrations.,</subfield>
    <subfield code="c">27 cm. </subfield>
  </datafield>
  <datafield tag="650" ind1=" " ind2=" ">
    <subfield code="a">French language -- Study and teaching (Secondary)</subfield>
  </datafield>
  <datafield tag="650" ind1=" " ind2=" ">
    <subfield code="a">French language -- Study and teaching -- Foreign speakers.</subfield>
  </datafield>
  <datafield tag="942" ind1=" " ind2=" ">
    <subfield code="2">lcc</subfield>
    <subfield code="c">BK</subfield>
  </datafield>
  <datafield tag="999" ind1=" " ind2=" ">
    <subfield code="c">305108</subfield>
    <subfield code="d">305108</subfield>
  </datafield>
  <datafield tag="952" ind1=" " ind2=" ">
    <subfield code="0">0</subfield>
    <subfield code="1">0</subfield>
    <subfield code="2">lcc</subfield>
    <subfield code="4">0</subfield>
    <subfield code="a">LUX</subfield>
    <subfield code="b">LUX</subfield>
    <subfield code="c">TR</subfield>
    <subfield code="d">2016-09-20</subfield>
    <subfield code="e">Library Fund</subfield>
    <subfield code="l">4</subfield>
    <subfield code="m">5</subfield>
    <subfield code="o">PC 2119 .G862 2013</subfield>
    <subfield code="p">20316</subfield>
    <subfield code="r">2018-11-23 00:00:00</subfield>
    <subfield code="s">2018-07-24</subfield>
    <subfield code="w">2016-09-20</subfield>
    <subfield code="y">BK</subfield>
  </datafield>
</record>
